| 000 | 00524nam a22001697a 4500 | ||
|---|---|---|---|
| 005 | 20180508141502.0 | ||
| 010 | _aENG-122997 | ||
| 020 |
_a9789350078396 _c175.00 |
||
| 035 | _aEN-106529 | ||
| 037 | _aDBAD/PUB. | ||
| 082 | _a954.5 | ||
| 245 |
_aNorth east India : _bPeople, history and culture / |
||
| 260 |
_aNew Delhi _bNational Council of Educational Research and Training _c2017 |
||
| 270 |
_aSri Aurobindo Marg _bNew Delhi _e110016 |
||
| 300 |
_a142p. _b22cm(pbk) |
||
| 942 |
_2ddc _cEN _h954.5 _mNOR |
||
| 999 |
_c151928 _d151928 |
||